000
00302nam a22001337a 4500
008
170804b xxu||||| |||| 00| 0 eng d
020
_a
9780471736363
041
_a
eng
080
_a
004
100
_a
33
101
_a
SHKI
245
_a
INTRODUCTION TO INFORMATION SYSTEMS
_c
RAINER
942
_2
udc
_c
BK
999
_c
22703
_d
22703